| 000 | 00446nam a2200181Ia 4500 | ||
|---|---|---|---|
| 001 | 4630 | ||
| 003 | IN-NITTTR | ||
| 005 | 20251114233001.0 | ||
| 008 | 251113s9999||||xx |||||||||||||| ||eng|| | ||
| 040 | _beng | ||
| 040 | _cIN-NITTTR | ||
| 041 | _aeng | ||
| 082 | _a629.2 C355M | ||
| 100 | _aChampion, R. C. | ||
| 245 | 0 |
_aMotor vehicle calculations and science / _cChampion, R. C., Arnold, E. C. |
|
| 700 | _a Arnold, E. C. | ||
| 942 |
_2ddc _cBK |
||
| 999 |
_c7266 _d7266 |
||